| 000 | 00388 a2200169 4500 | ||
|---|---|---|---|
| 001 | 69559 | ||
| 020 | _a8576660954 | ||
| 040 | _cAnchieta - Itaigara | ||
| 100 | _aChianca, Leonardo | ||
| 240 | 1 | 0 |
_aOs três mosqueteiros _lpor |
| 245 | 1 | 0 | _aOs três mosqueteiros |
| 300 | _a71 | ||
| 362 | 0 | _a2005 | |
| 440 | 1 | _aEscala Educacional | |
| 650 | 4 | _aLiteratura infanto-juvenil | |
| 942 | _cBK | ||
| 999 |
_c69559 _d69559 |
||